000 00943nam a2200337Ia 4500
001 Para_9131
003 CHAP
008 220125s2013 xx 000 0 und d
010 _a207845
020 _a978 - 968 - 418 - 019 - 2
040 _cCHAP
082 _aPA 597 O46 2013
100 _aOmmanney, D.
_9174319
245 _aLos Peces /
_c D. Ommanney; traducción José Martínez
250 _a2
260 _aMéxico :
_b Edicciones Culturale Internacionales
300 _a191 p.
440 _aColección de la naturaleza de Time Life
_9174320
500 _aTítulo original: The Fishes
650 _aFauna Marina
_939841
650 _aIctiología
_957276
650 _aPeces
_986441
700 _aI.Martínez, José, tr.
901 _aPA 597 O46 2013
902 _aM
905 _a5222202013 A 8000000300eng06
910 _a2013
942 _cPARA
942 _cPARA
_d1
999 _c207845
_d207845